Statistiken für Meist gelernte Sprache auf Duolingo

Klicken Sie hier um das Quiz zu spielen!

Allgemein

  • Dieses Quiz wurde 223 mal gespielt
  • Das Durchschnittsergebnis liegt bei 14 aus 20

Antwortstatistiken

Anzahl der LernendenSprache% Korrekt
26.6MSpanisch
97%
4.98MChinesisch
95%
8.90MDeutsch
95%
3.99MRussisch
93%
16.5MFranzösisch
92%
5.73MItalienisch
89%
10.0MJapanisch
88%
1.21MSchwedisch
77%
2.37M
Portugiesisch
76%
3.08MArabisch
72%
941KPolnisch
70%
927KNorwegisch
69%
2.36M
Türkisch
63%
6.28MKoreanisch
62%
1.49MNiederländisch
60%
1.04MGriechisch
58%
4.60MHindi
50%
1.37MLatein
29%
850KHebräisch
23%
1.11MIrisch
16%

Verteilung der Resultate

Perzentil nach korrekt beantworteten Fragen

Anzahl Personen mit jedem Resultat

Ihre Resultats-Entwicklung

Sie haben dieses Quiz noch nicht gespielt